000 00223nam a22000857a 4500
008 160712b xxu||||| |||| 00| 0 eng d
100 _92626
_a Mains, K.B
245 _aThe Fragile Curtain
260 _aIllinois
_b David C.Cook
_c1981
999 _c2280
_d2280